ZWYCIĘZCY LIGI MISTRZÓW W LATACH1955-1970 - Statystyki

Ogólne statystyki
  • Ten quiz został rozwiązany 9 razy
  • Średni wynik to 7 z 15
Statystyki odpowiedzi
Hint Odpowiedź % Poprawnych
1955/56 REAL MADRYT
100%
1956/57 REAL MADRYT
89%
1957/58 REAL MADRYT
89%
1958/59 REAL MADRYT
89%
1959/60 REAL MADRYT
89%
1962/63 AC MILAN
44%
1963/64 INTER MEDIOLAN
44%
1964/65 INTER MEDIOLAN
44%
1965/66 REAL MADRYT
33%
1968/69 AC MILAN
22%
1969/70 FEYENOORD ROTTERDAM
22%
1967/68 MANCHESTER UNITED
22%
1960/61 SL BENFICA
22%
1961/62 SL BENFICA
22%
1966/1967 CELTIC FC
11%
Nie znaleziono quizów pasujących do podanych kryteriów
Rozkład punktacji
Procent ludzi z każdym wynikiem
Percentyl według liczby udzielonych odpowiedzi
Twoja historia wyników
Nie rozwiązałeś tego quizu